01034nam a2200265 a 450000100100000000500170001000800410002702000150006804000250008304100380010808200150014610000370016124000400019824500520023826000520029030000210034249000210036350400730038450000760045753400600053383000300059304900090062395201190063299900170075100002539520200930023747.0110215s2004 uy r 000 0 spa d a9974421152 aDO-SdBNPbspacBNPHU17aspaheng2Código de idioma MARC aNNNbW855d1 aWolff Paul, Robertd1933-95198810aIn defense of anarquismlEspañol.10aEn defensa del anarquismo /cRobert Paul Wolff. aMontevideo, Uruguay :bNordan-Comunidad,c2004. a108 p. ;c21 cm.1 aPiedra librev21 aIncluye referencias bibliográficas y notas al pie de las páginas aIncluye datos biográficos del autor en la solapa de la contracubierta aTítulo original en inglés:tIn defense of anarquism 0aPiedra libre ;v21951989 aBNGR 001054708MOaGRbGRcCTd2011-02-15iLF1l0oNNN W855dp25395-10r2020-06-25w2020-06-25y4ZPréstamo en sala c24887d24887